000 00460nam a22001691a 4500
001 3163
003 OSt
005 20260204211840.0
008 040712s1956||||xxu||||||b||||||||||spa||
050 _aR 032 N42s
082 _aR 032 N42s
245 _aNew Standard Enciclopedia
264 _aEstados Unidos de América : Standard Education Society
300 _a14 vols. De A-Z y 1 apéndice
650 _a1.Enciclopedias Generales en InglesÌ
942 _2ddc
_cBK
999 _c3163
_d3163